New ruling threatens business relief (Record no. 81109)
[ view plain ]
| 000 -LEADER | |
|---|---|
| fixed length control field | 01244cab a22002175a 4500 |
| 001 - CONTROL NUMBER | |
| control field | L146265 |
| 008 - FIXED-LENGTH DATA ELEMENTS--GENERAL INFORMATION | |
| fixed length control field | 081223s2008 xxk f v 000 0 eng d |
| 035 ## - SYSTEM CONTROL NUMBER | |
| System control number | (Sirsi) u146265 |
| 041 0# - LANGUAGE CODE | |
| Language code of text/sound track or separate title | eng |
| 100 1# - MAIN ENTRY--PERSONAL NAME | |
| Personal name | Phillips, Steven |
| 245 00 - TITLE STATEMENT | |
| Title | New ruling threatens business relief |
| 260 ## - PUBLICATION, DISTRIBUTION, ETC. | |
| Date of publication, distribution, etc. | 2008 |
| 490 #0 - SERIES STATEMENT | |
| Series statement | Farmland Market |
| Volume/sequential designation | (70) Winter 2008, 14-15(2) |
| 520 ## - SUMMARY, ETC. | |
| Summary, etc. | Summarises the case of Philip Norman McCall (2) Bernard Joseph Anthony Keenan (as personal representatives of Eileen McClean, deceased) v HMRC Revenue and Customs Commissioners, [2008] STC (SCD) 752, 7 April 2008. The Commissioners found that although the tending and letting of fields to graziers constituted a business, it was one which consisted wholly or mainly of the holding of an investment and so the land was not a relevant business property for the purposes of the Inheritance Tax Act 1984 S105. The case shows that letting land on popular grazing agreements could jeopardise tax relief. |
| 590 ## - LOCAL NOTE (RLIN) | |
| Local note | KA |
| 650 24 - SUBJECT ADDED ENTRY--TOPICAL TERM | |
| Topical term or geographic name entry element | INHERITANCE TAX ACT 1984 S105 |
| 651 #4 - SUBJECT ADDED ENTRY--GEOGRAPHIC NAME | |
| Geographic name | United Kingdom |
| Chronological subdivision | |
| 690 ## - LOCAL SUBJECT ADDED ENTRY--TOPICAL TERM (OCLC, RLIN) | |
| Topical term or geographic name as entry element | PROPERTY-PROPERTY APPRAISAL AND VALUATION-INHERITANCE VALUATION |
| 690 ## - LOCAL SUBJECT ADDED ENTRY--TOPICAL TERM (OCLC, RLIN) | |
| Topical term or geographic name as entry element | PROPERTY-PROPERTY TAXATION-PROPERTY TAX ALLOWANCES-CAPITAL ALLOWANCES |
| 942 ## - ADDED ENTRY ELEMENTS (KOHA) | |
| Suppress in OPAC | 0 |
| Withdrawn status | Lost status | Source of classification or shelving scheme | Damaged status | Not for loan | Home library | Current library | Shelving location | Date acquired | Total Checkouts | Full call number | Barcode | Date last seen | Copy number | Price effective from | Koha item type |
|---|---|---|---|---|---|---|---|---|---|---|---|---|---|---|---|
| Dewey Decimal Classification | London | London | Journal article | 23/12/2008 | L146265 | 146265-2001 | 06/08/2019 | 1 | 06/08/2019 | Journal article |